000 01203nam0a22003371 4500
001 v19\rc\1920468
005 20251118180641.3
035 _a(NLR Aleph) 005007339
090 _a6450242
_c6450242
100 _a20080404d1912 |||y0rusy50 ca
101 0 _arus
102 _aRU
105 _aa z |||||
200 1 _a"Римский (парижский) голубь"
_e(Приемы разведения по Бреше)
_fСост. В. Гончаров
_gПод ред. Л.Л. Керкова
_gИзд. Имп. Рос. о-ва с.-х. птицеводства...
210 _aМосква
_cтип. О.Л. Сомовой
_d1912
215 _a30 с.
_cил.
_d23
532 1 3 _aРимский парижский голубь
700 1 _aГончаров
_bВ. П.
_gВасилий Петрович
_4220
702 1 _aКерков
_bЛ. Л.
_gЛев Любимович
_4340
801 0 _aRU
_bNLR
_gpsbo
801 0 _aRU
_bRuMoRGB
_2psbo
801 1 _aRU
_bProSoft-M
_2rusmarc
852 _aNLR
_j18.286.8.232
899 _aRuMoRGB
_jV 162/125
899 _aRuMoRGB
_jU 272/598
899 _aБАН
899 _aНБ МГУ
942 _cBOOK
980 _aSCAN_REQUEST
980 _aSCAN_DONE
980 _aNB